000 01118nam a2200289 i 4500
003 DO-SdBNP
005 20241028102726.0
007 ta
008 220610e2001 dr ao||gr|||| 00| edspa d
020 _a9993402435
040 _aDO-SdBNP
_bspa
_cBNPHU
_erda
082 4 _axxx
_bD542v
_222
100 _aDíaz Melo, Ismael,
_d1962-
_eautor
_4aut.
_933370
245 1 0 _aVilla Sombrero, el campo del coronel :
_bnotas y apuntes acerca de una comunidad banileja /
_cIsmael Díaz Melo ; cuidado de edición, Juan Miguel Germán
264 4 _aSanto Domingo :
_bEditora Búho,
_c2001.
300 _a399 páginas:
_bilustraciones, retratos ;
_c23 cm.
336 _atexto
_btxt
_2rdacontent
337 _asin mediación
_bn
_2rdamedia
338 _avolumen
_bnc
_2rdacarrier
500 _aIncluye datos biográficos del autor en la solapa de la cubierta.
504 _aBibliografía : páginas 397- 399
590 _aInventariado 2022 / MF
650 4 _933222
_aVilla Sombrero (Baní, República Domicana)
_xVida social y costumbres
700 1 _aGermán, Juan Miguel,
_eeditor
_4ed.
_981849
910 _aMFelz
942 _2ddc
_cLBS1
999 _c52016
_d52016